Rừng và đời sống

Gardado en:
Detalles Bibliográficos
Autor Principal: Lê Quang Đán
Formato: Libro
Idioma:Vietnamese
Publicado: Tp. Hồ Chí Minh Nxb. Đồng Tháp 1976
Những chủ đề:
Các nhãn: Engadir etiqueta
Sen Etiquetas, Sexa o primeiro en etiquetar este rexistro!
Thư viện lưu trữ: Trung tâm Học liệu Lê Vũ Hùng, Trường Đại học Đồng Tháp
LEADER 00654pam a22002058a 4500
001 00024710
005 20171026081023.0
008 110722s1976 ||||||viesd
041 0 # |a vie 
082 1 4 |a 333.75  |b R556V 
100 1 # |a Lê Quang Đán 
245 1 0 |a Rừng và đời sống  |c Lê Quang Đán 
260 # # |a Tp. Hồ Chí Minh  |b Nxb. Đồng Tháp  |c 1976 
300 # # |a 381tr.  |b hình ảnh  |c 19 cm. 
650 # 4 |a Con người 
650 # 4 |a Rừng 
852 # # |b Kho đọc  |j KD.0010034 
852 # # |j KD.0010034 
910 0 # |a Ntuyet  |d 22/07/2011 
980 # # |a Trung tâm Học liệu Lê Vũ Hùng, Trường Đại học Đồng Tháp